00393nam a2200145Ia 4500008004100000040001900041041001200060082002400072100001900096245005000115260002700165300002000192650001700212850001800229131103s9999 xx 000 0 und d aLoreto College aEnglish aREF/JONbLCBED/7988 aJones, Danniel aEnglish pronouncing dictionarycDanniel Jones aLondonbJ.M.Dentc1968 a544p. c 21 cm. aDictionaries aLCBED/REF/JON